The writings of the New Testament : (Record no. 8070)

MARC details
000 -LEADER
fixed length control field 00807cam a2200253 a 4500
001 - CONTROL NUMBER
control field 4751082
003 - CONTROL NUMBER IDENTIFIER
control field GBCCL
005 - DATE AND TIME OF LATEST TRANSACTION
control field 20241126110642.0
008 - FIXED-LENGTH DATA ELEMENTS--GENERAL INFORMATION
fixed length control field 850801s1986 pau b 001 0 eng
010 ## -
-- 85016202
020 ## - INTERNATIONAL STANDARD BOOK NUMBER
International Standard Book Number 0800608860
020 ## - INTERNATIONAL STANDARD BOOK NUMBER
International Standard Book Number 0800618866 (pbk.)
040 ## - CATALOGING SOURCE
Original cataloging agency DLC
Transcribing agency DLC
Modifying agency DLC
050 00 -
-- BS2330.2
-- .J64 1986
082 00 - DEWEY DECIMAL CLASSIFICATION NUMBER
Classification number 225.61
Edition information 19
Item number JOH
100 1# - MAIN ENTRY--PERSONAL NAME
Personal name Johnson, Luke Timothy.
9 (RLIN) 14089
245 14 - TITLE STATEMENT
Title The writings of the New Testament :
Remainder of title an interpretation /
Statement of responsibility, etc. Luke Timothy Johnson.
260 ## - PUBLICATION, DISTRIBUTION, ETC.
Place of publication, distribution, etc. Philadelphia :
Name of publisher, distributor, etc. Fortress Press,
Date of publication, distribution, etc. c1986.
300 ## - PHYSICAL DESCRIPTION
Extent xiv, 593 p. ;
Dimensions 24 cm.
504 ## - BIBLIOGRAPHY, ETC. NOTE
Bibliography, etc. note Includes bibliographical references and indexes.
630 00 - SUBJECT ADDED ENTRY--UNIFORM TITLE
Uniform title Bible.
Name of part/section of a work New Testament
Form subdivision Introductions.
9 (RLIN) 3504
906 ## - LOCAL DATA ELEMENT F, LDF (RLIN)
a 7
b cbc
c orignew
d 1
e ocip
f 19
g y-gencatlg
942 ## - ADDED ENTRY ELEMENTS (KOHA)
Source of classification or shelving scheme Dewey Decimal Classification
Koha item type Books
Koha issues (borrowed), all copies 20
Holdings
Withdrawn status Lost status Source of classification or shelving scheme Damaged status Not for loan Home library Current Library Shelving location Date acquired Source of acquisition Cost, normal purchase price Total checkouts Total renewals Full call number Barcode Date last seen Date last checked out Copy number Cost, replacement price Price effective from Koha item type
    Dewey Decimal Classification     GRACE BIBLE COLLEGE GRACE BIBLE COLLEGE Biblical Studies 2019-05-14 13 793.00 16 1 225.61 JOH 014400 2025-09-22 2025-09-17 c.1 793.00 2019-05-14 Books
    Dewey Decimal Classification     GRACE BIBLE COLLEGE GRACE BIBLE COLLEGE Biblical Studies 2021-07-01     11   225.61 JOH 015075 2025-09-22 2025-09-15 c.2   2021-07-01 Books
© Grace Bible College Library 2025